000 00641nam a22002417a 4500
003 UA-OsUOA
001 81491
007 ta
008 20120201b un ||||| |||| 00| 0 ukr d
100 _aМоздир М.
090 _a726.95(477)
_bМ74
942 _cBK
040 _aUA-OsUOA
_bukr
_cUA-OsUOA
_dUA-OsUOA
245 _aУкраїнська народна меморіальна пластика
_bмонографія
300 _a288 с.
955 _a1
041 _aukr
080 _a726.95(477)
020 _a978-966-02-5447-3
260 _aЛьвів
_c2009
650 7 _a72 Архітектура
_2UDC
999 _c367797
_d367797